[Event "AUT-chT 1998/99"]
[Site "Dornbirn"]
[Date "1999.03.12"]
[Round "9.1"]
[White "Moser, Guenter"]
[Black "Dizdar, Goran"]
[Result "1/2-1/2"]
[WhiteElo "2355"]
[BlackElo "2570"]
[PlyCount "27"]
[EventDate "1998.11.13"]

1. Nf3 c5 2. e4 e6 3. g3 d5 4. e5 Nc6 5. Bg2 g5 6. O-O Bg7 7. c3 Nxe5 8. Nxg5
Qxg5 9. d4 Qg4 10. dxe5 Qxd1 11. Rxd1 Ne7 12. f4 Bd7 13. Be3 b6 14. Bf2 1/2-1/2

[Event "AUT-chT 1998/99"]
[Site "Dornbirn"]
[Date "1999.03.12"]
[Round "9.2"]
[White "Schmittdiel, Eckhard"]
[Black "Grundherr, Martin"]
[Result "1-0"]
[WhiteElo "2470"]
[BlackElo "2335"]
[PlyCount "65"]
[EventDate "1998.11.13"]

1. e4 c6 2. d4 d5 3. Nc3 dxe4 4. Nxe4 Nd7 5. Nf3 Ngf6 6. Ng3 e6 7. Bd3 c5 8.
O-O cxd4 9. Nxd4 Nc5 10. Be2 Be7 11. c4 h5 12. Nxh5 Nxh5 13. Bxh5 Rxh5 14. Qxh5
Qxd4 15. Be3 g6 16. Qh7 Qf6 17. Qg8+ Kd7 18. Rad1+ Kc7 19. f4 Nd7 20. Bd4 Bc5
21. Bxc5 Nxc5 22. Qf8 Nd7 23. Rxd7+ Bxd7 24. Qxa8 Qd4+ 25. Kh1 Qxc4 26. Rd1 Qe2
27. Rxd7+ Kxd7 28. Qxb7+ Kd6 29. Qb8+ Kd5 30. h3 f6 31. Qa8+ Kc4 32. Qc6+ Kd4
33. Qd6+ 1-0

[Event "AUT-chT 1998/99"]
[Site "Dornbirn"]
[Date "1999.03.12"]
[Round "9.5"]
[White "Kranewitter, Norbert"]
[Black "Laube, Bernhard"]
[Result "1/2-1/2"]
[WhiteElo "2180"]
[BlackElo "2285"]
[PlyCount "84"]
[EventDate "1998.11.13"]

1. e4 c5 2. c3 e6 3. d4 Nf6 4. Bd3 Nc6 5. e5 Nd5 6. Nf3 cxd4 7. cxd4 Bb4+ 8.
Kf1 h6 9. a3 Be7 10. Qe2 Bg5 11. Nc3 Bxc1 12. Rxc1 Nf4 13. Qe4 Nxd3 14. Qxd3 d6
15. Ke2 dxe5 16. dxe5 Qxd3+ 17. Kxd3 f6 18. Rhe1 Bd7 19. exf6 gxf6 20. Ne4 Ke7
21. Nc5 Bc8 22. Ke3 e5 23. Red1 Rd8 24. Rxd8 Kxd8 25. Rc4 Ne7 26. Kd2 b6 27.
Ne4 Be6 28. Rc1 Nd5 29. g3 Ke7 30. Nc3 Nc7 31. Ne4 Rd8+ 32. Ke2 Rd7 33. Nh4 Nb5
34. f4 exf4 35. Ng6+ Kf7 36. Nxf4 Bf5 37. Nc3 Nd4+ 38. Kf2 Bg4 39. Ncd5 Ne6 40.
Nxe6 Kxe6 41. Nf4+ Ke5 42. Re1+ Kf5 1/2-1/2

[Event "AUT-chT 1998/99"]
[Site "Dornbirn"]
[Date "1999.03.12"]
[Round "9.2"]
[White "Vogt, Lothar"]
[Black "Atlas, Valery"]
[Result "1/2-1/2"]
[WhiteElo "2485"]
[BlackElo "2470"]
[PlyCount "33"]
[EventDate "1998.11.13"]

1. e4 c5 2. Nf3 d6 3. d4 cxd4 4. Nxd4 Nf6 5. Nc3 a6 6. Be3 e6 7. f3 b5 8. Qd2
Nbd7 9. g4 h6 10. O-O-O Bb7 11. Bd3 Nc5 12. h4 b4 13. Nce2 d5 14. e5 Nfd7 15.
f4 Qc7 16. Kb1 O-O-O 17. Ng3 1/2-1/2

[Event "AUT-chT 1998/99"]
[Site "Dornbirn"]
[Date "1999.03.12"]
[Round "9.4"]
[White "Videki, Sandor"]
[Black "Grabher, Heinz"]
[Result "1/2-1/2"]
[WhiteElo "2430"]
[BlackElo "2285"]
[PlyCount "35"]
[EventDate "1998.11.13"]

1. e4 e5 2. Nf3 Nc6 3. Bb5 a6 4. Ba4 Nf6 5. Bxc6 dxc6 6. d3 Bd6 7. Nbd2 Be6 8.
Qe2 c5 9. Nc4 Nd7 10. Nxd6+ cxd6 11. Ng5 Qe7 12. O-O O-O 13. a3 b5 14. b4 Rfc8
15. f4 exf4 16. Bxf4 h6 17. Nxe6 Qxe6 18. Rf2 1/2-1/2

[Event "AUT-chT 1998/99"]
[Site "Dornbirn"]
[Date "1999.03.12"]
[Round "9.5"]
[White "Thoma, Robert"]
[Black "Ganaus, Hannes"]
[Result "1/2-1/2"]
[WhiteElo "2285"]
[BlackElo "2225"]
[PlyCount "90"]
[EventDate "1998.11.13"]

1. d4 Nf6 2. Nf3 d5 3. g3 Bf5 4. Bg2 e6 5. c4 c6 6. Nc3 h6 7. O-O Be7 8. Ne5
Nbd7 9. Qb3 Qb6 10. Nxd7 Nxd7 11. e4 dxe4 12. Nxe4 O-O 13. Be3 Rfd8 14. Rfd1
Qxb3 15. axb3 Nf6 16. Nxf6+ Bxf6 17. Rd2 Be7 18. d5 Bb4 19. Rdd1 cxd5 20. cxd5
Bc2 21. Rd4 Bc5 22. Rc4 Bxe3 23. Rxc2 Bb6 24. dxe6 fxe6 25. Bxb7 Rab8 26. Ba6
e5 27. Re1 Bd4 28. Kg2 Rd6 29. Bc4+ Kh7 30. Re4 Rbd8 31. h4 h5 32. b4 Kh6 33.
b5 Rf6 34. b3 g6 35. Rd2 Bb6 36. Ree2 Rxd2 37. Rxd2 g5 38. hxg5+ Kxg5 39. Re2
Bd4 40. f3 h4 41. gxh4+ Kxh4 42. Re4+ Kg5 43. Rg4+ Kf5 44. Kf1 Rh6 45. Ke2 Bb6
1/2-1/2

[Event "AUT-chT 1998/99"]
[Site "Dornbirn"]
[Date "1999.03.12"]
[Round "9.6"]
[White "Raubal, Martin"]
[Black "Gaertner, Guntram"]
[Result "1/2-1/2"]
[WhiteElo "2230"]
[BlackElo "2340"]
[PlyCount "134"]
[EventDate "1998.11.13"]

1. e4 c5 2. c3 e6 3. d4 d5 4. exd5 exd5 5. Bb5+ Nc6 6. Qe2+ Qe7 7. dxc5 Qxe2+
8. Nxe2 Bxc5 9. Nd2 a6 10. Bxc6+ bxc6 11. Nb3 Bb6 12. O-O Be6 13. Ned4 c5 14.
Nxe6 fxe6 15. Be3 Rc8 16. Rfe1 Kf7 17. Nd2 Bd8 18. Nf3 Bf6 19. Ng5+ Bxg5 20.
Bxg5 Nf6 21. f3 Rhe8 22. Bf4 Nd7 23. Be5 Rc6 24. b3 a5 25. g4 Ra8 26. Bg3 a4
27. Reb1 axb3 28. axb3 Rca6 29. Rxa6 Rxa6 30. b4 Ra3 31. bxc5 Nxc5 32. Be5 Ra7
33. Bd4 Rc7 34. Bxc5 Rxc5 35. Rb3 h5 36. h3 hxg4 37. hxg4 Kf6 38. Kf2 Ke5 39.
Kg3 g5 40. Ra3 Rc4 41. Rb3 Rc8 42. Ra3 Rc6 43. Rb3 Kd6 44. Kf2 Ke5 45. Kg3 Ra6
46. Kf2 Rc6 47. Kg3 Kd6 48. Kf2 Kc5 49. Rb4 e5 50. Ra4 Kd6 51. Ra3 Rc4 52. Ra6+
Rc6 53. Ra3 Kc5 54. Ra4 Rf6 55. Ke3 Rf8 56. Ra7 Rf4 57. Rc7+ Kd6 58. Rg7 e4 59.
fxe4 Rxe4+ 60. Kf3 Rf4+ 61. Kg3 Rc4 62. Rxg5 Rxc3+ 63. Kf2 Kc5 64. Ke2 Kd4 65.
Rg8 Rc2+ 66. Kf3 Kd3 67. g5 d4 1/2-1/2

[Event "AUT-chT 1998/99"]
[Site "Dornbirn"]
[Date "1999.03.12"]
[Round "9.2"]
[White "Marciano, David"]
[Black "Kindermann, Stefan"]
[Result "1/2-1/2"]
[WhiteElo "2525"]
[BlackElo "2540"]
[PlyCount "39"]
[EventDate "1998.11.13"]

1. e4 e6 2. d4 d5 3. Nd2 Nf6 4. Bd3 c5 5. e5 Nfd7 6. c3 Nc6 7. Ne2 cxd4 8. cxd4
Qb6 9. Nf3 f6 10. exf6 Nxf6 11. O-O Bd6 12. b3 O-O 13. Bf4 Bxf4 14. Nxf4 Ne4
15. Ne2 Bd7 16. Bxe4 dxe4 17. Ng5 Rad8 18. Nxe4 Be8 19. Nc5 Bh5 20. Na4 1/2-1/2

[Event "AUT-chT 1998/99"]
[Site "Dornbirn"]
[Date "1999.03.12"]
[Round "9.5"]
[White "Felsberger, Alfred"]
[Black "Neulinger, Manfred"]
[Result "1/2-1/2"]
[WhiteElo "2395"]
[BlackElo "2270"]
[PlyCount "32"]
[EventDate "1998.11.13"]

1. e4 c6 2. d4 d5 3. Nc3 dxe4 4. Nxe4 Bf5 5. Ng3 Bg6 6. Nf3 Nf6 7. h4 Nh5 8.
Nxh5 Bxh5 9. Be2 e6 10. Be3 Nd7 11. Ng5 Bxe2 12. Qxe2 Nf6 13. O-O-O Qc7 14. Kb1
O-O-O 15. g3 h6 16. Nf3 Bd6 1/2-1/2

[Event "AUT-chT 1998/99"]
[Site "Dornbirn"]
[Date "1999.03.12"]
[Round "9.6"]
[White "Posch, Werner"]
[Black "Watzka, Horst"]
[Result "1/2-1/2"]
[WhiteElo "2295"]
[BlackElo "2365"]
[PlyCount "26"]
[EventDate "1998.11.13"]

1. e4 c5 2. Nc3 Nc6 3. g3 g6 4. Bg2 Bg7 5. d3 d6 6. Be3 e6 7. Qd2 h5 8. h3 Nge7
9. f4 Qa5 10. Nf3 Nd4 11. O-O Nxf3+ 12. Bxf3 Nc6 13. Bg2 Bd7 1/2-1/2

[Event "AUT-chT 1998/99"]
[Site "Dornbirn"]
[Date "1999.03.12"]
[Round "9.2"]
[White "Popovic, Petar"]
[Black "Steflitsch, Erich"]
[Result "1/2-1/2"]
[WhiteElo "2510"]
[BlackElo "2325"]
[PlyCount "80"]
[EventDate "1998.11.13"]

1. e4 e5 2. Nf3 Nc6 3. Bb5 a6 4. Ba4 Nf6 5. O-O Nxe4 6. d4 b5 7. Bb3 d5 8. dxe5
Be6 9. c3 Bc5 10. Nbd2 O-O 11. Bc2 Bf5 12. Nb3 Bb6 13. Bf4 Bg6 14. Nfd4 Nxd4
15. cxd4 f6 16. Bxe4 Bxe4 17. Qg4 fxe5 18. Bxe5 Qe7 19. Nd2 Bg6 20. Qg3 Rad8
21. Nb3 Rf5 22. Rac1 Rg5 23. Qe3 Re8 24. Bf4 Rf5 25. Qxe7 Rxe7 26. Be3 h6 27.
Rfe1 Rf6 28. Nc5 Bxc5 29. Rxc5 c6 30. f3 Rfe6 31. Kf2 Bd3 32. Rc3 Bc4 33. a3 a5
34. Rcc1 a4 35. h4 Kf7 36. g4 g6 37. Rcd1 Re8 38. Rc1 R8e7 39. Rcd1 Re8 40. Rc1
R8e7 1/2-1/2

[Event "AUT-chT 1998/99"]
[Site "Dornbirn"]
[Date "1999.03.12"]
[Round "9.3"]
[White "Titz, Heimo"]
[Black "Penz, Harald"]
[Result "1/2-1/2"]
[WhiteElo "2305"]
[BlackElo "2390"]
[PlyCount "93"]
[EventDate "1998.11.13"]

1. c4 Nf6 2. Nc3 e6 3. Nf3 d5 4. d4 c5 5. cxd5 exd5 6. g3 Nc6 7. Bg2 Bg4 8.
dxc5 Bxc5 9. O-O d4 10. Na4 Be7 11. Bg5 O-O 12. Rc1 Rc8 13. a3 h6 14. Bxf6 Bxf6
15. Nc5 b6 16. Nd3 Qd6 17. Qa4 Na5 18. Rxc8 Rxc8 19. Rc1 Rxc1+ 20. Nxc1 Bd7 21.
Qc2 Qc6 22. Qxc6 Bxc6 23. Nd2 Bb5 24. Nd3 Nc4 25. Nxc4 Bxc4 26. Be4 Kf8 27. Kf1
Ke7 28. Ke1 Kd6 29. h4 Be7 30. Kd2 g5 31. hxg5 hxg5 32. g4 a5 33. f3 f6 34. Kc2
Kc7 35. Kd2 Bd6 36. Kc2 Bh2 37. b3 Bf7 38. a4 Bd6 39. Nb2 Bb4 40. Nd3 Ba3 41.
Bf5 Kd6 42. Bc8 Bg6 43. Bb7 f5 44. Bc8 fxg4 45. Bxg4 Bf7 46. Bc8 Bg6 47. Bg4
1/2-1/2

[Event "AUT-chT 1998/99"]
[Site "Dornbirn"]
[Date "1999.03.12"]
[Round "9.4"]
[White "Bawart, Markus"]
[Black "Schumi, Manfred"]
[Result "1-0"]
[WhiteElo "2345"]
[BlackElo "2260"]
[PlyCount "53"]
[EventDate "1998.11.13"]

1. Nf3 Nf6 2. d4 g6 3. Bf4 Bg7 4. Nbd2 d5 5. e3 O-O 6. Bd3 b6 7. Ne5 Bb7 8. h4
Nbd7 9. h5 Nxe5 10. dxe5 Ne4 11. hxg6 fxg6 12. Nxe4 dxe4 13. Bc4+ Rf7 14. Bxf7+
Kxf7 15. Rxh7 Kg8 16. Qxd8+ Rxd8 17. Rh1 Kf7 18. Rd1 Rxd1+ 19. Kxd1 c5 20. Kc1
Bd5 21. e6+ Kxe6 22. Bb8 Kd7 23. Rd1 Kc6 24. Bxa7 Bxa2 25. Rd8 Be5 26. b3 c4
27. Rc8+ 1-0

[Event "AUT-chT 1998/99"]
[Site "Dornbirn"]
[Date "1999.03.12"]
[Round "9.5"]
[White "Pilaj, Herwig"]
[Black "Loeffler, Stefan"]
[Result "0-1"]
[WhiteElo "2215"]
[BlackElo "2385"]
[PlyCount "76"]
[EventDate "1998.11.13"]

1. d4 Nf6 2. Nf3 c5 3. d5 g6 4. c4 Bg7 5. Nc3 O-O 6. e4 d6 7. Be2 e6 8. O-O Re8
9. Nd2 Na6 10. Kh1 Nc7 11. Qc2 exd5 12. cxd5 Nfxd5 13. exd5 Bxc3 14. Qxc3 Rxe2
15. b3 Qh4 16. Nf3 Nxd5 17. Qa5 Qe7 18. Bg5 f6 19. Rae1 Bg4 20. Rxe2 Qxe2 21.
Re1 Qa6 22. Qd2 Qc6 23. Bh4 Bxf3 24. gxf3 Rf8 25. Re6 g5 26. Bg3 Nf4 27. Re3 d5
28. Bxf4 gxf4 29. Re7 Rf7 30. Rxf7 Kxf7 31. Qxf4 c4 32. Qb8 c3 33. Qh8 c2 34.
Qxh7+ Ke8 35. Qg8+ Kd7 36. Qf7+ Kc8 37. Qf8+ Kc7 38. Qe7+ Kb8 0-1

[Event "AUT-chT 1998/99"]
[Site "Dornbirn"]
[Date "1999.03.12"]
[Round "9.6"]
[White "Zoebisch, Herbert"]
[Black "Genser, Harald"]
[Result "0-1"]
[WhiteElo "2235"]
[BlackElo "2155"]
[PlyCount "122"]
[EventDate "1998.11.13"]

1. d4 d5 2. c4 e6 3. Nc3 c6 4. Nf3 dxc4 5. a4 Bb4 6. e3 b5 7. Bd2 a5 8. axb5
Bxc3 9. Bxc3 cxb5 10. b3 Bb7 11. d5 Nf6 12. bxc4 b4 13. Bxf6 Qxf6 14. Qa4+ Nd7
15. Nd4 e5 16. Nb3 Ke7 17. Be2 Rhc8 18. Bg4 Qd6 19. Nxa5 Rxc4 20. Bxd7 Qxd7 21.
Qxd7+ Kxd7 22. O-O Rc2 23. e4 Ba6 24. Nc6 Bxf1 25. Rxa8 b3 26. Kxf1 b2 27. Rb8
f6 28. g4 Rc1+ 29. Kg2 b1=Q 30. Rxb1 Rxb1 31. g5 Re1 32. f3 Re3 33. Kf2 Ra3 34.
gxf6 gxf6 35. Kg3 h5 36. h4 Rc3 37. Kf2 Rc2+ 38. Kg3 Rc3 39. Kf2 Ra3 40. Kg2
Ra2+ 41. Kg3 Rc2 42. Nb4 Rc3 43. Nc6 Rc1 44. Kg2 Kd6 45. Nd8 Rc7 46. Ne6 Re7
47. Kg3 Re8 48. Kh3 Rg8 49. Kh2 Kd7 50. Nc5+ Kc7 51. Ne6+ Kd6 52. Kh3 f5 53.
exf5 Kxd5 54. Ng5 Rf8 55. Ne4 Rxf5 56. Kg3 Kd4 57. Ng5 Ke3 58. Kg2 Rf6 59. Kg3
Rf4 60. Kg2 Rxh4 61. Ne6 Rf4 0-1

[Event "AUT-chT 1998/99"]
[Site "Dornbirn"]
[Date "1999.03.12"]
[Round "9.2"]
[White "Weinzettl, Ernst"]
[Black "Nielsen, Peter Heine"]
[Result "1/2-1/2"]
[WhiteElo "2400"]
[BlackElo "2515"]
[PlyCount "103"]
[EventDate "1998.11.13"]

1. e4 c5 2. Nf3 d6 3. Nc3 Nc6 4. d4 cxd4 5. Nxd4 Nf6 6. Bc4 e6 7. Be3 Be7 8.
Qe2 O-O 9. O-O-O a6 10. Bb3 Qc7 11. f4 Nxd4 12. Rxd4 Nd7 13. Rdd1 Nc5 14. f5 b5
15. Rhf1 Bf6 16. Bd4 Bg5+ 17. Kb1 Nxb3 18. axb3 f6 19. Qf2 b4 20. Na4 e5 21. h4
Bh6 22. Be3 Bxe3 23. Qxe3 Rb8 24. Rf2 Bb7 25. Rfd2 Rfd8 26. g4 Bc6 27. g5 Kh8
28. Rg1 Qe7 29. Rdg2 Rg8 30. h5 Qb7 31. Rg4 fxg5 32. Qxg5 Qf7 33. Qe3 Bxa4 34.
bxa4 b3 35. cxb3 Rxb3 36. Qd2 Rgb8 37. h6 gxh6 38. f6 Qxf6 39. Qd5 Rxb2+ 40.
Ka1 Rb1+ 41. Rxb1 Rxb1+ 42. Kxb1 Qf1+ 43. Kb2 Qe2+ 44. Ka3 Qxg4 45. Qxd6 Qf3+
46. Ka2 Kg7 47. Qxe5+ Qf6 48. Qg3+ Qg6 49. Qe5+ Qf6 50. Qg3+ Kf7 51. Qc7+ Kg6
52. Qg3+ 1/2-1/2

[Event "AUT-chT 1998/99"]
[Site "Dornbirn"]
[Date "1999.03.12"]
[Round "9.3"]
[White "Baumegger, Siegfried"]
[Black "Herzog, Adolf"]
[Result "1/2-1/2"]
[WhiteElo "2360"]
[BlackElo "2400"]
[PlyCount "167"]
[EventDate "1998.11.13"]

1. d4 Nf6 2. c4 g6 3. Nf3 Bg7 4. g3 O-O 5. Bg2 d6 6. O-O c6 7. b3 Qa5 8. Bb2
Qh5 9. Nc3 Bh3 10. e4 Na6 11. Re1 Ng4 12. Nh4 Bxg2 13. Kxg2 e5 14. h3 Nf6 15.
d5 Qxd1 16. Raxd1 Rfd8 17. dxc6 bxc6 18. Ba3 Bf8 19. Rd3 Rd7 20. Red1 Rad8 21.
Nf3 Kg7 22. c5 dxc5 23. Nxe5 Rxd3 24. Rxd3 Re8 25. Nxc6 Nb4 26. Bxb4 cxb4 27.
e5 Nd7 28. Nb5 Nxe5 29. Re3 f6 30. f4 Bc5 31. Re2 Rc8 32. Ncxa7 Bxa7 33. Nxa7
Ra8 34. fxe5 Rxa7 35. e6 Kf8 36. Kf2 Ke7 37. Ke3 Kxe6 38. Kd4+ Kf5 39. Rf2+ Kg5
40. Kc5 Rb7 41. Rf4 f5 42. Rxb4 Rxb4 43. Kxb4 h5 44. a4 h4 45. gxh4+ Kxh4 46.
a5 f4 47. a6 f3 48. a7 f2 49. a8=Q f1=Q 50. Qe4+ Kh5 51. Qg4+ Kh6 52. Qh4+ Kg7
53. Qd4+ Kh6 54. Qh4+ Kg7 55. Qe7+ Kh6 56. h4 Qf4+ 57. Ka5 Qf5+ 58. Ka4 Qc2 59.
Qg5+ Kh7 60. Qe7+ Kh6 61. Qe3+ Kh7 62. Qf3 Qc7 63. b4 Qd7+ 64. Ka3 Qb5 65. Qe3
Qc4 66. Qe7+ Kh8 67. Qf6+ Kh7 68. Ka4 Qa2+ 69. Kb5 Qe2+ 70. Kc5 Qe3+ 71. Qd4
Qe7+ 72. Kc6 Qe6+ 73. Kc7 Qe2 74. Kd8 Qa6 75. Qd7+ Kh6 76. b5 Qf6+ 77. Kc7 Qxh4
78. b6 Qf4+ 79. Kc8 Qf8+ 80. Qd8 Qf5+ 81. Kb8 Qf4+ 82. Qc7 Qf8+ 83. Kb7 Qf3+
84. Qc6 1/2-1/2

[Event "AUT-chT 1998/99"]
[Site "Dornbirn"]
[Date "1999.03.12"]
[Round "9.4"]
[White "Staudner, Oliver"]
[Black "Freitag, Manfred"]
[Result "1/2-1/2"]
[WhiteElo "2350"]
[BlackElo "2400"]
[PlyCount "55"]
[EventDate "1998.11.13"]

1. e4 c5 2. Nf3 d6 3. Bb5+ Nd7 4. d4 Ngf6 5. Nc3 cxd4 6. Qxd4 e5 7. Qd3 h6 8.
Nd2 a6 9. Bxd7+ Bxd7 10. Nc4 Qc7 11. Be3 Be6 12. Nb6 Rb8 13. O-O Be7 14. f3 Qc6
15. Rfd1 O-O 16. a4 Rfd8 17. a5 Bf8 18. Rd2 g6 19. Rad1 Nd7 20. Ncd5 Nxb6 21.
Nxb6 f5 22. exf5 gxf5 23. c4 Qe8 24. f4 e4 25. Qc3 Qf7 26. Bd4 Re8 27. Re1 Be7
28. Qe3 1/2-1/2

[Event "AUT-chT 1998/99"]
[Site "Dornbirn"]
[Date "1999.03.12"]
[Round "9.6"]
[White "Plank, Franz"]
[Black "Postl, Anton"]
[Result "1-0"]
[WhiteElo "2270"]
[BlackElo "2295"]
[PlyCount "99"]
[EventDate "1998.11.13"]

1. e4 c5 2. d4 cxd4 3. Qxd4 Nc6 4. Qd3 Nf6 5. c4 g6 6. Nc3 Bg7 7. Nf3 d6 8. Be2
Bg4 9. O-O Rc8 10. Bf4 Nd7 11. b3 b5 12. Nxb5 Bxa1 13. Rxa1 Bxf3 14. Qxf3 a6
15. Qc3 Nf6 16. Na3 e5 17. Bh6 Nxe4 18. Qe3 f5 19. f3 Nc5 20. Bg5 Qd7 21. Nc2
Ne6 22. Bh4 O-O 23. Rd1 Ncd4 24. Nxd4 Nxd4 25. Bf1 a5 26. Qd2 Qc7 27. Bf2 Rfd8
28. Kh1 Ne6 29. Qd5 Kf7 30. Bh4 Rd7 31. Bf2 Qc6 32. Qxa5 e4 33. fxe4 fxe4 34.
Qd2 Kg8 35. Be2 Rf8 36. Bg4 Re7 37. Bg3 e3 38. Qxe3 Nf4 39. Qf3 Qxf3 40. Bxf3
Kg7 41. h3 Ra7 42. Rd2 g5 43. Bf2 Ra6 44. Bb7 Ra5 45. Bb6 Raf5 46. Be4 R5f7 47.
Rxd6 Re8 48. Bd4+ Kf8 49. Bf3 h5 50. Bf6 1-0

[Event "AUT-chT 1998/99"]
[Site "Dornbirn"]
[Date "1999.03.12"]
[Round "9.3"]
[White "Schwarz, Michael"]
[Black "Herndl, Harald"]
[Result "1/2-1/2"]
[WhiteElo "2400"]
[BlackElo "2375"]
[PlyCount "39"]
[EventDate "1998.11.13"]

1. c4 Nf6 2. Nf3 c6 3. d4 d5 4. Qb3 dxc4 5. Qxc4 Bf5 6. Nc3 Nbd7 7. g3 e6 8.
Bg2 Be7 9. O-O O-O 10. Re1 Ne4 11. Bf4 Rc8 12. Ne5 Nxe5 13. Bxe5 b5 14. Qb3 Nd2
15. Qd1 Nc4 16. a4 b4 17. Ne4 c5 18. Rc1 Nxe5 19. dxe5 Bxe4 20. Bxe4 1/2-1/2

[Event "AUT-chT 1998/99"]
[Site "Dornbirn"]
[Date "1999.03.12"]
[Round "9.5"]
[White "Kotz, Heinz Peter"]
[Black "Fahrner, Kurt"]
[Result "1-0"]
[WhiteElo "2265"]
[BlackElo "2325"]
[PlyCount "83"]
[EventDate "1998.11.13"]

1. e4 Nf6 2. e5 Nd5 3. d4 d6 4. Nf3 g6 5. Bc4 Nb6 6. Bb3 Bg7 7. O-O O-O 8. h3
Nc6 9. Qe2 dxe5 10. dxe5 Na5 11. Rd1 Qe8 12. Nc3 c5 13. Bd5 Bf5 14. Be4 Bxe4
15. Qxe4 Qc6 16. Qh4 Nac4 17. Re1 f6 18. Bh6 Rae8 19. Bxg7 Kxg7 20. b3 Nxe5 21.
Nxe5 fxe5 22. Rxe5 Qf6 23. Qg3 Rd8 24. Ne4 Qf4 25. Rxe7+ Kg8 26. Qxf4 Rxf4 27.
f3 Rf7 28. Rxf7 Kxf7 29. c4 Nd7 30. Nd6+ Ke6 31. Nxb7 Rb8 32. Re1+ Kf6 33. Nd6
Rb6 34. Ne4+ Kf5 35. Rd1 Ne5 36. Rd5 Ra6 37. Nxc5 Ra5 38. b4 Ra3 39. Nd7 Rd3
40. Rxe5+ Kf4 41. Re4+ Kg3 42. Rg4# 1-0

[Event "AUT-chT 1998/99"]
[Site "Dornbirn"]
[Date "1999.03.12"]
[Round "9.6"]
[White "Kastner, Walter"]
[Black "Poeltl, Thomas"]
[Result "1/2-1/2"]
[WhiteElo "2265"]
[BlackElo "2225"]
[PlyCount "92"]
[EventDate "1998.11.13"]

1. d4 Nf6 2. c4 e6 3. Nc3 d5 4. Bg5 c6 5. e3 Bd6 6. Nf3 Nbd7 7. cxd5 exd5 8.
Bd3 O-O 9. Qc2 h6 10. Bh4 Re8 11. Bg3 Nf8 12. Bxd6 Qxd6 13. h3 b6 14. O-O Bb7
15. Rab1 c5 16. Rfe1 Ne6 17. Rbd1 c4 18. Bf5 Nc7 19. Ne5 b5 20. f3 Bc8 21. Bxc8
Raxc8 22. e4 a6 23. a3 Nh5 24. Ng4 Qg6 25. Qd2 Rcd8 26. Ne5 Qg3 27. Qf2 Qg5 28.
h4 Qf6 29. Ng4 Qd6 30. e5 Qe7 31. g3 Qe6 32. Kg2 Qg6 33. Ne3 Nf4+ 34. Kh2 Nd3
35. Rxd3 Qxd3 36. Rd1 Qg6 37. f4 f5 38. Qc2 Rf8 39. g4 Qf7 40. Nxf5 Kh8 41. Ne2
Ne6 42. Nd6 Rxd6 43. exd6 Nxf4 44. Rf1 Qf6 45. Nxf4 Qxh4+ 46. Kg1 Rxf4 1/2-1/2

[Event "AUT-chT 1998/99"]
[Site "Dornbirn"]
[Date "1999.03.13"]
[Round "10.1"]
[White "Dizdar, Goran"]
[Black "Wells, Peter"]
[Result "0-1"]
[WhiteElo "2570"]
[BlackElo "2515"]
[PlyCount "72"]
[EventDate "1998.11.13"]

1. d4 Nf6 2. c4 e6 3. Nf3 d5 4. Nc3 c6 5. Bg5 dxc4 6. e4 b5 7. a4 b4 8. Nb1 Ba6
9. Qc1 c3 10. bxc3 Bxf1 11. Kxf1 Nbd7 12. Nbd2 c5 13. d5 Qb6 14. c4 Bd6 15.
Bxf6 gxf6 16. g3 Ke7 17. Kg2 Rag8 18. Rd1 h5 19. Ra2 h4 20. Nb3 hxg3 21. hxg3
Bxg3 22. fxg3 Qd6 23. Rf2 Rxg3+ 24. Kf1 Ne5 25. Qf4 Nxf3 26. Qxd6+ Kxd6 27.
dxe6+ Kxe6 28. Nxc5+ Ke7 29. Rd7+ Ke8 30. Ke2 Ne5 31. Rxa7 Rhh3 32. Rxf6 Re3+
33. Kd2 Nxc4+ 34. Kc2 Rh2+ 35. Kd1 Nb2+ 36. Kc1 Re1# 0-1

[Event "AUT-chT 1998/99"]
[Site "Dornbirn"]
[Date "1999.03.13"]
[Round "10.4"]
[White "Herndl, Harald"]
[Black "Duer, Werner"]
[Result "1/2-1/2"]
[WhiteElo "2375"]
[BlackElo "2310"]
[PlyCount "87"]
[EventDate "1998.11.13"]

1. d4 Nf6 2. c4 c5 3. d5 e5 4. Nc3 d6 5. e4 Be7 6. h3 Nbd7 7. Nf3 Nf8 8. Be3 h5
9. Qd2 Ng6 10. Be2 Bd7 11. a4 b6 12. O-O Kf8 13. Ne1 h4 14. Nd3 Nh5 15. Bxh5
Rxh5 16. f4 Bf6 17. Qe2 Rh8 18. Rf3 Kg8 19. Raf1 Be8 20. Kh1 exf4 21. Bxf4 Qe7
22. Nb5 Nxf4 23. Rxf4 Bg5 24. Rf5 f6 25. Nc3 Bg6 26. R5f2 Re8 27. Re1 Rh6 28.
b4 cxb4 29. Nxb4 Qe5 30. Nb5 Bxe4 31. Nc7 Rc8 32. Qxe4 Qxe4 33. Rxe4 Rxc7 34.
Nc6 Rh8 35. Rfe2 f5 36. Re6 Bf4 37. Rf2 g5 38. Rfe2 Kf7 39. Re7+ Rxe7 40. Rxe7+
Kf6 41. Re6+ Kf7 42. Re7+ Kf6 43. Re6+ Kf7 44. Re7+ 1/2-1/2

[Event "AUT-chT 1998/99"]
[Site "Dornbirn"]
[Date "1999.03.13"]
[Round "10.6"]
[White "Kastner, Walter"]
[Black "Pilz, Dieter"]
[Result "0-1"]
[WhiteElo "2265"]
[BlackElo "2260"]
[PlyCount "110"]
[EventDate "1998.11.13"]

1. Nf3 Nf6 2. c4 c5 3. Nc3 Nc6 4. g3 g6 5. Bg2 Bg7 6. O-O O-O 7. d3 Rb8 8. Ne1
a6 9. a4 d6 10. Nc2 Bd7 11. Rb1 Ne8 12. Bd2 a5 13. Nb5 b6 14. Bc3 Nc7 15. Bxg7
Kxg7 16. Nc3 Nb4 17. b3 Nxc2 18. Qxc2 f6 19. Rbd1 Na6 20. e3 Nb4 21. Qe2 Qc8
22. Rd2 Bg4 23. Bf3 h5 24. Re1 Qf5 25. Bxg4 hxg4 26. e4 Qd7 27. h3 gxh3 28. f4
Nc6 29. Nb5 e5 30. Rf1 f5 31. exf5 Rxf5 32. Qg4 exf4 33. Rxf4 Ne5 34. Qxh3 Rh8
35. Qg2 Rfh5 36. g4 Rh4 37. d4 cxd4 38. Rdxd4 Qe7 39. Qe4 g5 40. Nxd6 Rh1+ 41.
Qxh1 Rxh1+ 42. Kxh1 Kg8 43. Rfe4 Qf6 44. Nf5 Nf3 45. Rd1 Kf8 46. Kg2 Nh4+ 47.
Nxh4 Qb2+ 48. Kg1 gxh4 49. Rf1+ Kg7 50. Re3 Kg6 51. Rf2 Qc1+ 52. Kg2 Qxe3 53.
Rf3 Qe2+ 54. Rf2 Qe4+ 55. Kf1 h3 0-1

[Event "AUT-chT 1998/99"]
[Site "Dornbirn"]
[Date "1999.03.13"]
[Round "10.2"]
[White "Polzin, Rainer"]
[Black "Weinzettl, Ernst"]
[Result "1/2-1/2"]
[WhiteElo "2420"]
[BlackElo "2400"]
[PlyCount "67"]
[EventDate "1998.11.13"]

1. e4 e6 2. d4 d5 3. Nc3 Nf6 4. e5 Nfd7 5. f4 c5 6. Nf3 Qb6 7. Na4 Qc6 8. Nxc5
Nxc5 9. dxc5 Bxc5 10. Bd3 Qb6 11. Qe2 Nc6 12. c3 a5 13. h4 Bd7 14. h5 h6 15.
Nd2 Be3 16. Nf3 Bc5 17. Rh4 Ne7 18. Rg4 g6 19. hxg6 fxg6 20. Bxg6+ Nxg6 21.
Rxg6 O-O-O 22. Nd4 Bxd4 23. cxd4 Qxd4 24. Qe3 Qxe3+ 25. Bxe3 Rdg8 26. Rxg8+
Rxg8 27. Kf2 h5 28. Rh1 Be8 29. a4 Kc7 30. Bc5 b6 31. Bd6+ Kb7 32. b4 axb4 33.
Bxb4 Bg6 34. a5 1/2-1/2

[Event "AUT-chT 1998/99"]
[Site "Dornbirn"]
[Date "1999.03.13"]
[Round "10.3"]
[White "Herzog, Adolf"]
[Black "Schwarz, Michael"]
[Result "0-1"]
[WhiteElo "2400"]
[BlackElo "2400"]
[PlyCount "36"]
[EventDate "1998.11.13"]

1. d4 c5 2. c3 cxd4 3. cxd4 d5 4. Nc3 Nc6 5. Nf3 Nf6 6. g3 Ne4 7. Bg2 Nxc3 8.
bxc3 e6 9. O-O Be7 10. Qd3 O-O 11. e4 Na5 12. Re1 b6 13. exd5 exd5 14. Ne5 Bb7
15. h4 Bf6 16. Ng4 Nc4 17. Qf5 Be7 18. Bf4 18... g6 {... 38} 0-1

[Event "AUT-chT 1998/99"]
[Site "Dornbirn"]
[Date "1999.03.13"]
[Round "10.4"]
[White "Danner, Georg"]
[Black "Staudner, Oliver"]
[Result "1-0"]
[WhiteElo "2340"]
[BlackElo "2350"]
[PlyCount "78"]
[EventDate "1998.11.13"]

1. d4 Nf6 2. Nf3 d5 3. c4 c6 4. e3 g6 5. Nc3 Bg7 6. Bd3 O-O 7. b3 Bf5 8. Bxf5
gxf5 9. O-O Ne4 10. Bb2 e6 11. Ne2 Nd7 12. Nf4 Rc8 13. Rc1 Qa5 14. Qc2 Qd8 15.
Rfd1 Kh8 16. Ne1 Bh6 17. Ned3 Rg8 18. Qe2 Qe7 19. Rc2 Rce8 20. Rdc1 Nf8 21.
cxd5 exd5 22. Qh5 Bg5 23. Ne5 Ng6 24. Nxd5 Qf8 25. Nf4 Rg7 26. Ned3 Qg8 27. Qh3
f6 28. d5 cxd5 29. Nh5 Rd7 30. Qxf5 Rde7 31. f4 Nh4 32. Qh3 Qg6 33. fxg5 Qxh5
34. gxf6 Rf7 35. Nf4 Qg5 36. Kh1 Nd6 37. Rf1 Ref8 38. Qg3 Qh6 39. Ne6 Ndf5 1-0